|
|
|
|
| LEADER |
01601nam a2200349 i 4500 |
| 001 |
27973 |
| 003 |
BD-DhAAL |
| 005 |
20220105135555.0 |
| 008 |
140329t20142014dcua b 001 0 eng d |
| 999 |
|
|
|c 14229
|d 14229
|
| 010 |
|
|
|a 2013027259
|
| 020 |
|
|
|a 9781555817053 (hardcover)
|
| 020 |
|
|
|z 9781555818890 (e-book)
|
| 040 |
|
|
|a WU/DLC
|b eng
|c WU
|e rda
|d DLC
|d BD-DhAAL
|
| 041 |
|
|
|a eng
|
| 050 |
0 |
0 |
|a TP248.2
|b .G57 2014
|
| 082 |
0 |
0 |
|a 660.6
|2 23
|
| 100 |
1 |
|
|a Glick, Bernard R.,
|e author.
|9 4155
|
| 245 |
1 |
0 |
|a Medical biotechnology /
|c Bernard R. Glick; Terry L. Delovitch and Cheryl L. Patten.
|
| 260 |
|
|
|a Washington, DC :
|b ASM Press,
|c c2014.
|
| 300 |
|
|
|a xix, 737 pages :
|b color illustrations ;
|c 29 cm.
|
| 504 |
|
|
|a Includes bibliographical references and index.
|
| 541 |
|
|
|e 27973
|
| 650 |
|
0 |
|a Biotechnology.
|9 4156
|
| 650 |
|
0 |
|a Medical technology.
|9 4157
|
| 650 |
|
0 |
|a Pharmacy.
|9 44406
|
| 700 |
1 |
|
|a Delovitch, T. L.,
|e author.
|9 4158
|
| 700 |
1 |
|
|a Patten, Cheryl L.,
|e author.
|9 4159
|
| 942 |
|
|
|2 ddc
|c BK
|0 2
|
| 952 |
|
|
|0 0
|1 0
|2 ddc
|4 0
|6 660_600000000000000_GLI
|7 0
|9 24047
|a BRACUL
|b BRACUL
|c GEN
|d 2014-03-29
|e Trim Education
|g 10750.00
|l 16
|m 122
|o 660.6 GLI
|p 3010027973
|r 2025-04-20
|s 2025-04-10
|t 1
|w 2014-03-29
|y BK
|
| 952 |
|
|
|0 0
|1 0
|2 ddc
|4 0
|6 660_600000000000000_GLI
|7 0
|9 24048
|a BRACUL
|b BRACUL
|c GEN
|d 2014-03-29
|e Trim Education
|g 10750.00
|l 8
|m 26
|o 660.6 GLI
|p 3010027974
|r 2024-10-23
|s 2024-10-23
|t 2
|w 2014-03-29
|y BK
|
| 952 |
|
|
|0 0
|1 0
|2 ddc
|4 0
|6 660_600000000000000_GLI
|7 0
|9 24049
|a BRACUL
|b BRACUL
|c GEN
|d 2014-03-29
|e Trim Education
|g 10750.00
|l 12
|m 117
|o 660.6 GLI
|p 3010027975
|r 2024-02-18
|s 2023-12-06
|t 3
|w 2014-03-29
|y BK
|